Internal combustion engines / (Record no. 9760)
[ view plain ]
| 000 -LEADER | |
|---|---|
| fixed length control field | 00440cam a2200169ua 4500 |
| 003 - CONTROL NUMBER IDENTIFIER | |
| control field | OSt |
| 008 - FIXED-LENGTH DATA ELEMENTS--GENERAL INFORMATION | |
| fixed length control field | 250506b |||||||| |||| 00| 0 eng d |
| 020 ## - INTERNATIONAL STANDARD BOOK NUMBER | |
| ISBN | 9781259006197 |
| 082 ## - DEWEY DECIMAL CLASSIFICATION NUMBER | |
| Classification number | 621.43 |
| Item number | GAN/IC |
| 100 ## - MAIN ENTRY--AUTHOR NAME | |
| Personal name | Ganesan, V . |
| 245 ## - TITLE STATEMENT | |
| Title | Internal combustion engines / |
| 250 ## - EDITION STATEMENT | |
| Edition statement | 1 / 4 |
| 260 ## - PUBLICATION, DISTRIBUTION, ETC. (IMPRINT) | |
| Place of publication | New Delhi : |
| Name of publisher | Mc-Graw Hill Education (India)Private Limited |
| Year of publication | 2014 |
| 300 ## - PHYSICAL DESCRIPTION | |
| Number of Pages | 730 |
| 650 ## - SUBJECT ADDED ENTRY--TOPICAL TERM | |
| Topical Term | IC engines |
| 942 ## - ADDED ENTRY ELEMENTS (KOHA) | |
| Koha item type | Books |
| Withdrawn status | Lost status | Damaged status | Home library | Current library | Date acquired | Full call number | Accession Number | Koha item type | Collection code | Shelving location | Source of acquisition | Cost, normal purchase price |
|---|---|---|---|---|---|---|---|---|---|---|---|---|
| KAUAET | KAUAET | 07/04/2012 | 621.43 | 17683 | Books | |||||||
| KAUAET | KAUAET | 07/04/2012 | 621.43 | 21331 | Books | |||||||
| KAUAET | KAUAET | 21/06/2016 | 621.43 GAN/IC | 24769 | Books | General Stacks | Padma Book house, Palakkkad | 625.00 | ||||
| KAUAET | KAUAET | 26/08/2016 | 621.43 GAN/IC | BB 262 | Book Bank scheme for SC students | Scheme | Calicut Book Daistributors, Calicut. | 595.00 | ||||
| KAUAET | KAUAET | 27/07/2020 | 621.43 GAN/IC | BB 546 | Book Bank scheme for SC students | General Books | Scheme | Aman Book stall | 670.00 | |||
| KAUAET | KAUAET | 27/07/2020 | 621.43 GAN/IC | BB 547 | Book Bank scheme for SC students | General Books | Scheme | Aman Book stall | 670.00 | |||
| KAUAET | KAUAET | 27/07/2020 | 621.43 GAN/IC | BB 548 | Book Bank scheme for SC students | General Books | Scheme | Aman Book stall | 670.00 | |||
| KAUAET | KAUAET | 27/07/2020 | 621.43 GAN/IC | BB 549 | Book Bank scheme for SC students | General Books | Scheme | Aman Book stall | 670.00 |
